000 nam a22 7a 4500
999 _c8678
_d8678
008 180119b ||||| |||| 00| 0 eng d
100 _aJaisingh.S.etal.
_95041
245 _aEnvironmental Education
260 _aNew Delhi
_bArya
_c2009